000 00710 a2200205 4500
001 133640
003 OSt
005 20220120154323.0
008
020 _a9788174533364
041 _aHindi
082 _a891.43209
_bS23H
100 1 _aशर्मा, परमेश्वरी
245 1 _aहिन्दी नाटक : वर्तमान संदर्भ
_cby परमेश्वरी शर्मा
260 _aनई दिल्ली
_bरोशन ऑफसेट प्रिंटर्स
_c2009
300 _a92.P
630 _aहिन्दी साहित्य
690 _aहिन्दी नाटक
942 _2ddc
_cBK
999 _c7542
_d7542